000 00692nam a2200217Ii 4500
003 JO-AjNU
008 230606s9999||||xx |||||||||||||| ||und||
020 _a978-1-138-10065-7(hbk) / 978-1-138-10067-1(pbk)978-1-315-14327-9(ebk)
040 _aJO-AjNU
_beng
_erda
_cJO-AjNU
041 _aeng
050 1 4 _aPE1128.A2.W665 2018
100 3 _aWoodrow, Lindy,
_eauthor
_95989
245 0 0 _aIntroducing Course Design in English for Specific Purposes
250 _a1 ed
264 3 1 _aNew York: Routledge, 2018
300 _a267P
336 _atext
_btxt
_2rdacontent
337 _aunmediated
_bn
_2rdamedia
338 _avolume
_bnc
_2rdacarrier
650 4 _aEnglish Language - Grammar
_95990
999 _aE3106
_c3103
_d3103